000 00437nam a22001817a 4500
005 20250701124622.0
008 250701b |||||||| |||| 00| 0 eng d
020 _a9780552548908
_qpbk
041 _aeng
082 _a823.92 RAI
100 _aRai Bali
245 _aRani & Sukh
_c/ Bali Rai
250 _a1st ed
260 _aBritain
_bCorgi Books
_c2004
300 _a311. :
_c22cm
650 _aEnglish Fiction
942 _cENGLISH
999 _c574476
_d574476